| Tag |
First Indicator |
Second Indicator |
Subfields |
| LEADER |
00000cam a2200000 i 4500 |
| 001 |
in00004137721 |
| 008 |
190325s2019 nyu b 001 0 eng |
| 005 |
20250318220153.8 |
| 010 |
|
|
|a 2019009086
|
| 020 |
|
|
|a 9781479802074
|
| 020 |
|
|
|a 1479802077
|q hardcover
|q alkaline paper
|
| 020 |
|
|
|a 9781479811991
|q paperback
|q alkaline paper
|
| 020 |
|
|
|a 1479811998
|q paperback
|q alkaline paper
|
| 035 |
|
|
|a (OCoLC)on1091236432
|
| 035 |
|
|
|a (OCoLC)1091236432
|
| 040 |
|
|
|a DLC
|b eng
|e rda
|c DLC
|d OCLCO
|d OCLCF
|d BBW
|d YDX
|
| 042 |
|
|
|a pcc
|
| 050 |
0 |
0 |
|a PN1995.5
|b .L89 2019
|
| 082 |
0 |
0 |
|a 791.43/682
|2 23
|
| 100 |
1 |
|
|a Lyden, John,
|d 1959-
|e author.
|
| 245 |
1 |
0 |
|a Film as religion :
|b myths, morals, and rituals /
|c John C. Lyden.
|
| 250 |
|
|
|a Second edition.
|
| 264 |
|
1 |
|a New York :
|b New York University Press,
|c [2019]
|
| 300 |
|
|
|a viii, 302 pages ;
|c 24 cm
|
| 336 |
|
|
|a text
|b txt
|2 rdacontent
|
| 337 |
|
|
|a unmediated
|b n
|2 rdamedia
|
| 338 |
|
|
|a volume
|b nc
|2 rdacarrier
|
| 504 |
|
|
|a Includes bibliographical references and index.
|
| 520 |
|
|
|a The first edition of Film as Religion was one of the first texts to develop a framework for the analysis of the religious function of films for audiences. Like more formal religious institutions, films can provide us with ways to view the world and the values to confront it. Lyden argues that the cultural influence of films is analogous to that of religions, so that films can be understood as representing a "religious" worldview in their own right.Thoroughly updating his examples, Lyden examines a range of film genres and individual films, from The Godfather to The Hunger Games to Frozen, to show how film can function religiously.
|
| 650 |
|
0 |
|a Motion pictures
|x Religious aspects.
|
| 650 |
|
0 |
|a Motion pictures
|x Moral and ethical aspects.
|
| 650 |
|
7 |
|a Motion pictures
|x Moral and ethical aspects.
|2 fast
|0 (OCoLC)fst01027344
|
| 650 |
|
7 |
|a Motion pictures
|x Religious aspects.
|2 fast
|0 (OCoLC)fst01027371
|
| 852 |
8 |
|
|b pda,print
|z This title is available for the library to purchase for your use. Click the "Purchase It For Me" button to place a request. This item may take 5-10 business days to arrive.
|
| 955 |
|
|
|a Print PDA title
|
| 999 |
f |
f |
|s f82671b6-fac9-45d3-a862-2d333054cae5
|i 332f2077-baaf-382c-b6ae-b2cf08a9b204
|t 0
|
| 952 |
f |
f |
|a Texas A&M University
|b College Station
|c Sterling C. Evans Library
|d Purchase on Demand
|t 0
|e PN1995.5 .L89 2019
|h Library of Congress classification
|
| 998 |
f |
f |
|a PN1995.5 .L89 2019
|t 0
|l Purchase on Demand
|